000 00626nam a22002057a 4500
003 OSt
005 20150217165948.0
008 150119b xxu||||| |||| 00| 0 eng d
020 _a0-7614-0818-5
040 _cBMC
082 _a973.7
100 1 _aCollier, Christopher
_930196
245 1 4 _aThe Civil War
_b: 1860-1865
_cChristopher Collier, James Lincoln Collier
260 _aNew York
_bBenchmark Books
_c[2000]
300 _a95 p.
_bil.
_c24 cm
490 _aDrama of American history
651 2 4 _aEstados Unidos
_xHistoria
_y1861-1865 (Guerra Civil)
_917830
700 1 _aCollier, James Lincoln
_917906
942 _2ddc
_cBK
999 _c17425
_d17425